Normal view
MARC view
Entry Personal Name
001 - CONTROL NUMBER
- control field: 60568
003 - CONTROL NUMBER IDENTIFIER
- control field: dpl
005 - DATE AND TIME OF LATEST TRANSACTION
- control field: 20240103112653.0
008 - FIXED-LENGTH DATA ELEMENTS
- fixed length control field: 240103|| aca||aabn | a|a d
040 ## - CATALOGING SOURCE
- Original cataloging agency: dpl
- Transcribing agency: dpl
100 ## - HEADING--PERSONAL NAME
- Personal name: राव,सी भास्कर
670 ## - SOURCE DATA FOUND
- Source citation: Work cat.: (dpl)199941: राव,सी भास्कर , हादसों से गुजरते हुए;तथा अन्य कहानिया/, 2022
